<?xml version="1.0" encoding="UTF-8"?>
<record
    xmlns:xsi="http://www.w3.org/2001/XMLSchema-instance"
    xsi:schemaLocation="http://www.loc.gov/MARC21/slim http://www.loc.gov/standards/marcxml/schema/MARC21slim.xsd"
    xmlns="http://www.loc.gov/MARC21/slim">

  <leader>01199nam a2200277 i 4500</leader>
  <controlfield tag="001">63102</controlfield>
  <controlfield tag="003">ES-MaACL</controlfield>
  <controlfield tag="005">20230906164804.0</controlfield>
  <controlfield tag="007">t|</controlfield>
  <controlfield tag="008">031128q19111911sp fo        ||||1| spa d</controlfield>
  <datafield tag="080" ind1=" " ind2=" ">
    <subfield code="a">796.5(234.1 Guadarrama)</subfield>
  </datafield>
  <datafield tag="100" ind1="1" ind2=" ">
    <subfield code="a">Zabala, Jos&#xE9; F.</subfield>
    <subfield code="9">143536</subfield>
  </datafield>
  <datafield tag="245" ind1="1" ind2="0">
    <subfield code="a">Excursiones a la Sierra de Guadarrama </subfield>
    <subfield code="b">: Siete Picos, Mont&#xF3;n de Trigo, La Maliciosa / </subfield>
    <subfield code="c">por J. Fern&#xE1;ndez Zabala ; ilustraciones fotogr&#xE1;ficas de Ram&#xF3;n Gonz&#xE1;lez y otros ; poes&#xED;a-pr&#xF3;logo de Enrique de Mesa.</subfield>
  </datafield>
  <datafield tag="260" ind1=" " ind2=" ">
    <subfield code="a">Madrid : </subfield>
    <subfield code="b">Imp. de Primitivo Fern&#xE1;ndez, </subfield>
    <subfield code="c">[1911?]</subfield>
  </datafield>
  <datafield tag="300" ind1=" " ind2=" ">
    <subfield code="a">74 p., [8] h. de l&#xE1;m., [4] p. ; </subfield>
    <subfield code="c">19 cm.</subfield>
  </datafield>
  <datafield tag="490" ind1="1" ind2=" ">
    <subfield code="a">Biblioteca turista de Espa&#xF1;a autom&#xF3;vil</subfield>
  </datafield>
  <datafield tag="598" ind1=" " ind2=" ">
    <subfield code="a">Biblioteca de turismo y alpinismo de la revista Espa&#xF1;a Autom&#xF3;vil.</subfield>
  </datafield>
  <datafield tag="650" ind1="0" ind2="4">
    <subfield code="a">Excursionismo-</subfield>
    <subfield code="z">Guadarrama (Espa&#xF1;a, Sierra)</subfield>
    <subfield code="9">159016</subfield>
  </datafield>
  <datafield tag="650" ind1=" " ind2="4">
    <subfield code="a">Monta&#xF1;ismo-</subfield>
    <subfield code="z">Guadarrama (Espa&#xF1;a, Sierra)</subfield>
    <subfield code="9">15176</subfield>
  </datafield>
  <datafield tag="651" ind1=" " ind2="4">
    <subfield code="a">Guadarrama (Espa&#xF1;a, Sierra)-</subfield>
    <subfield code="x">Descripci&#xF3;n.</subfield>
    <subfield code="9">8798</subfield>
  </datafield>
  <datafield tag="700" ind1="1" ind2=" ">
    <subfield code="a">Gonz&#xE1;lez, Ram&#xF3;n.</subfield>
    <subfield code="9">58376</subfield>
  </datafield>
  <datafield tag="700" ind1="1" ind2=" ">
    <subfield code="a">Mesa, Enrique de,</subfield>
    <subfield code="d">1878-1929</subfield>
    <subfield code="9">80630</subfield>
  </datafield>
  <datafield tag="830" ind1="0" ind2=" ">
    <subfield code="a">Biblioteca turista de Espa&#xF1;a autom&#xF3;vil</subfield>
    <subfield code="9">230660</subfield>
  </datafield>
  <datafield tag="852" ind1=" " ind2=" ">
    <subfield code="a">ES-MaACL</subfield>
    <subfield code="j">F-7959</subfield>
  </datafield>
  <datafield tag="999" ind1=" " ind2=" ">
    <subfield code="c">63102</subfield>
    <subfield code="d">63102</subfield>
  </datafield>
  <datafield tag="952" ind1=" " ind2=" ">
    <subfield code="0">0</subfield>
    <subfield code="1">0</subfield>
    <subfield code="4">0</subfield>
    <subfield code="7">0</subfield>
    <subfield code="a">ATENEOM</subfield>
    <subfield code="b">ATENEOM</subfield>
    <subfield code="c">SPP2</subfield>
    <subfield code="d">2008-01-17</subfield>
    <subfield code="e">SC</subfield>
    <subfield code="l">0</subfield>
    <subfield code="o">F-7959</subfield>
    <subfield code="p">1066150</subfield>
    <subfield code="r">2023-02-23 00:00:00</subfield>
    <subfield code="w">2023-02-23</subfield>
    <subfield code="y">MONOGRAFIA</subfield>
  </datafield>
</record>
